000 00497nam a22001937a 4500
003 MPLRDC
005 20220104124029.0
008 210129b ||||| |||| 00| 0 eng d
020 _a957-2013-72-6
082 _a293.23 HYF c.2
100 _a黄友辅
245 _a黄友辅教你从手相看人生
_c
250 _a初版
260 _a台湾
_b云笈讲堂文化事业有限公司
_c2001
300 _b223
490 _a开运丛书: 007
650 _a手相
942 _cBK
_o293.23 HYF c.2
999 _c16096
_d16086